[Event "45. Open de Mislata 2011 - Grupo A"]
[Site "Mislata ESP"]
[Date "2011.08.16"]
[Round "3.2"]
[White "Laliena, Solanes Luis"]
[Black "Jordan Arenas, Manuel"]
[Result "0-1"]
[WhiteElo "2197"]
[BlackElo "2153"]
[PlyCount "64"]
[EventDate "2011.08.15"]
[EventType "swiss"]
[EventRounds "9"]
[EventCountry "ESP"]
[Source "lmi"]
[SourceDate "2011.08.15"]

1. d4 d5 2. Bf4 Bf5 3. e3 Nf6 4. c4 e6 5. Qb3 Bd6 6. Qxb7 Nbd7 7. Bxd6 cxd6 8.
Qa6 O-O 9. Nd2 e5 10. Ngf3 Rb8 11. b3 Re8 12. Be2 dxc4 13. Nxc4 Nd5 14. O-O e4
15. Nfd2 Re6 16. Qa5 Qh4 17. Rfc1 Rh6 18. Nf1 N7f6 19. Nxd6 Be6 20. Rc8+ Rxc8
21. Nxc8 g5 22. Qd8+ Kg7 23. Ne7 Nc3 24. Bc4 Ng4 25. g3 Qh3 26. Nf5+ Bxf5 27.
Qxg5+ Bg6 28. Rc1 Rh5 29. Qxh5 Bxh5 30. Rxc3 Ne5 31. Nd2 Nxc4 32. bxc4 Bf3 0-1

[Event "45. Open de Mislata 2011 - Grupo A"]
[Site "Mislata ESP"]
[Date "2011.08.16"]
[Round "3.3"]
[White "Garcia Martinez, Silvino"]
[Black "Montalban, Galvez Antoni"]
[Result "1/2-1/2"]
[WhiteElo "2316"]
[BlackElo "2158"]
[PlyCount "57"]
[EventDate "2011.08.15"]
[EventType "swiss"]
[EventRounds "9"]
[EventCountry "ESP"]
[Source "lmi"]
[SourceDate "2011.08.15"]

1. d4 Nf6 2. Nf3 g6 3. g3 Bg7 4. Bg2 O-O 5. O-O d6 6. c4 Nbd7 7. Nc3 e5 8. e3
c6 9. b3 Qa5 10. Bd2 Qc7 11. Rc1 Re8 12. b4 exd4 13. Nxd4 Ne5 14. Qe2 h5 15. h3
Ned7 16. Rfd1 Nf8 17. Be1 Ne6 18. Nf3 Qe7 19. Qd3 Bf8 20. Ne4 Nxe4 21. Qxe4 Bg7
22. Qd3 Rd8 23. e4 a5 24. a3 axb4 25. axb4 Ra2 26. Rc2 Rxc2 27. Qxc2 c5 28. Bc3
b6 29. Bxg7 1/2-1/2

[Event "45. Open de Mislata 2011 - Grupo A"]
[Site "Mislata ESP"]
[Date "2011.08.16"]
[Round "3.4"]
[White "Buenafe Moya, Javier"]
[Black "Martinez Piqueras, Carlos"]
[Result "1-0"]
[WhiteElo "2312"]
[BlackElo "2158"]
[PlyCount "57"]
[EventDate "2011.08.15"]
[EventType "swiss"]
[EventRounds "9"]
[EventCountry "ESP"]
[Source "lmi"]
[SourceDate "2011.08.15"]

1. c4 Nf6 2. Nc3 g6 3. e4 d6 4. f4 Bg7 5. Nf3 O-O 6. d4 c5 7. d5 e6 8. Be2 exd5
9. cxd5 Re8 10. e5 dxe5 11. fxe5 Ng4 12. Bg5 Qa5 13. O-O Nxe5 14. Ne4 Qb6 15.
a4 f6 16. Nxe5 fxg5 17. Nc4 Qd8 18. Ned6 Rf8 19. Rxf8+ Qxf8 20. Nxc8 Bd4+ 21.
Kh1 Qxc8 22. Bg4 Qd8 23. Be6+ Kg7 24. Qb3 b6 25. Qf3 Qf6 26. Qe2 Na6 27. Rf1
Qd8 28. Rf7+ Kh6 29. Qg4 1-0

[Event "45. Open de Mislata 2011 - Grupo A"]
[Site "Mislata ESP"]
[Date "2011.08.16"]
[Round "3.5"]
[White "Sanchez Saez, Francisco"]
[Black "Luna Cortes, Luis"]
[Result "0-1"]
[WhiteElo "2227"]
[BlackElo "2143"]
[PlyCount "126"]
[EventDate "2011.08.15"]
[EventType "swiss"]
[EventRounds "9"]
[EventCountry "ESP"]
[Source "lmi"]
[SourceDate "2011.08.15"]

1. e4 c5 2. Nf3 a6 3. d4 cxd4 4. Nxd4 Nf6 5. Nc3 e5 6. Nb3 Bb4 7. Bd3 d5 8.
exd5 e4 9. Be2 Qxd5 10. Bd2 Qe5 11. a3 Be7 12. Be3 Nc6 13. Nd4 Bd7 14. Qd2 Nxd4
15. Bxd4 Qe6 16. O-O-O Bc6 17. Qg5 O-O 18. h4 Ne8 19. Qe3 Bf6 20. g4 b5 21.
Bxf6 Nxf6 22. g5 Nd5 23. Nxd5 Bxd5 24. h5 Bc4 25. h6 Bxe2 26. hxg7 Rfd8 27.
Qxe2 Rxd1+ 28. Rxd1 Kxg7 29. Kb1 Rc8 30. Qe3 Re8 31. Rh1 Qf5 32. Rh6 Re5 33.
Qd4 Qxg5 34. Rh3 Qf6 35. Rg3+ Kf8 36. Qa7 Rg5 37. Qa8+ Kg7 38. Rxg5+ Qxg5 39.
Qxe4 Qg1+ 40. Ka2 Qxf2 41. Qg4+ Kh6 42. Qh3+ Kg6 43. Qg4+ Kf6 44. Qc8 Qf5 45.
Qd8+ Kg7 46. Qd4+ f6 47. Qa7+ Kg6 48. Qxa6 h5 49. Qa8 Qxc2 50. Qe8+ Kh6 51.
Qe3+ Kg7 52. Qe7+ Kg6 53. Qe8+ Kg5 54. Qxb5+ f5 55. a4 h4 56. a5 h3 57. Qb4 h2
58. Qe7+ Kg4 59. Qg7+ Kf3 60. Qb7+ Qe4 61. Qb3+ Kg2 62. a6 h1=Q 63. a7 Qhb1+
0-1

[Event "45. Open de Mislata 2011 - Grupo A"]
[Site "Mislata ESP"]
[Date "2011.08.16"]
[Round "3.6"]
[White "Gonzalez Aguirre, Luis"]
[Black "Martin Hernandez, Ruben"]
[Result "1/2-1/2"]
[WhiteElo "2207"]
[BlackElo "2128"]
[PlyCount "95"]
[EventDate "2011.08.15"]
[EventType "swiss"]
[EventRounds "9"]
[EventCountry "ESP"]
[Source "lmi"]
[SourceDate "2011.08.15"]

1. c4 Nf6 2. g3 g6 3. Bg2 d5 4. cxd5 Nxd5 5. Nc3 Nb6 6. Nf3 Bg7 7. d3 O-O 8.
Be3 Nc6 9. Qd2 Re8 10. Bh6 Bh8 11. h4 Nd4 12. h5 Nxf3+ 13. Bxf3 c6 14. hxg6
fxg6 15. Kf1 a5 16. Kg2 a4 17. Rh4 Bf6 18. Bg5 Rf8 19. Rah1 Rf7 20. Be4 Qd6 21.
Bxf6 Qxf6 22. Rf4 Qg7 23. Rxf7 Qxf7 24. Bf3 Bd7 25. a3 Rf8 26. Ne4 h5 27. Qb4
Qb3 28. Qxe7 Qxb2 29. Bxh5 Qg7 30. Qc5 Nd5 31. Bf3 b5 32. Ng5 Rf5 33. Bxd5+
Rxd5 34. Qb6 Qe7 35. Qb8+ Be8 36. Ne4 Rf5 37. g4 Re5 38. f3 Kg7 39. Qb6 c5 40.
Qa5 b4 41. axb4 cxb4 42. Qb6 b3 43. Qd4 g5 44. Qb6 Qe6 45. Qa7+ Qe7 46. Qb6 Qe6
47. Qa7+ Qe7 48. Qb6 1/2-1/2

[Event "45. Open de Mislata 2011 - Grupo A"]
[Site "Mislata ESP"]
[Date "2011.08.16"]
[Round "3.7"]
[White "Carrasco Sagredo, Manuel"]
[Black "Sanchiz Marti, Josep Miquel"]
[Result "0-1"]
[WhiteElo "2170"]
[BlackElo "1964"]
[PlyCount "76"]
[EventDate "2011.08.15"]
[EventType "swiss"]
[EventRounds "9"]
[EventCountry "ESP"]
[Source "lmi"]
[SourceDate "2011.08.15"]

1. e4 c5 2. Nf3 d6 3. d4 cxd4 4. Nxd4 Nf6 5. Nc3 e6 6. Bg5 Nc6 7. Qd2 a6 8.
O-O-O Be7 9. Kb1 Qc7 10. f3 Bd7 11. h4 Nxd4 12. Qxd4 Bc6 13. h5 h6 14. Be3 O-O
15. Qd2 d5 16. exd5 Nxd5 17. Nxd5 Bxd5 18. Rh3 Bf6 19. Bd3 Rad8 20. Qb4 b5 21.
Bf4 Be5 22. Bxe5 Qxe5 23. Re1 Qf6 24. Qh4 Qg5 25. Qf2 Rd6 26. f4 Qf6 27. g4
Rfd8 28. Qg3 Bc4 29. g5 hxg5 30. fxg5 Qd4 31. Rh4 Qc5 32. g6 Bxd3 33. gxf7+ Kf8
34. cxd3 Rxd3 35. Qg4 R8d4 36. Qg1 Qf5 37. Kc1 Rxh4 38. Rf1 Rc4+ 0-1

[Event "45. Open de Mislata 2011 - Grupo A"]
[Site "Mislata ESP"]
[Date "2011.08.16"]
[Round "3.8"]
[White "Gimenez Ruiz, Jesus"]
[Black "Bosque Ortega, Xavier"]
[Result "0-1"]
[WhiteElo "1783"]
[BlackElo "2245"]
[PlyCount "64"]
[EventDate "2011.08.15"]
[EventType "swiss"]
[EventRounds "9"]
[EventCountry "ESP"]
[Source "lmi"]
[SourceDate "2011.08.15"]

1. d4 d5 2. Nf3 Nf6 3. Bf4 c5 4. e3 Nc6 5. c3 Qb6 6. Qb3 c4 7. Qxb6 axb6 8. h3
Bf5 9. Nbd2 b5 10. Ne5 Nxe5 11. Bxe5 Nd7 12. Bc7 e6 13. Nf3 b4 14. Be2 bxc3 15.
bxc3 Ba3 16. Nh4 Bb2 17. Kd2 Bxa1 18. Rxa1 Nf6 19. f3 Ra6 20. g4 Kd7 21. Bg3
Bg6 22. Kc1 Bd3 23. Bxd3 cxd3 24. Be1 Rha8 25. Kb2 Kc6 26. Ng2 e5 27. Bd2 Kb5
28. Kb3 Ra3+ 29. Kb2 R8a6 30. Ne1 Kc4 31. Ng2 Rxc3 32. Ne1 Rb6# 0-1

[Event "45. Open de Mislata 2011 - Grupo A"]
[Site "Mislata ESP"]
[Date "2011.08.16"]
[Round "3.9"]
[White "Mingo Fernandez, Matias"]
[Black "Corona Gentil, Jose Luis"]
[Result "1-0"]
[WhiteElo "2189"]
[BlackElo "2112"]
[PlyCount "159"]
[EventDate "2011.08.15"]
[EventType "swiss"]
[EventRounds "9"]
[EventCountry "ESP"]
[Source "lmi"]
[SourceDate "2011.08.15"]

1. d4 d5 2. Nf3 Nf6 3. Bf4 e6 4. e3 c5 5. c3 Nc6 6. Nbd2 a6 7. Bd3 h6 8. Ne5
Bd7 9. O-O Rc8 10. Bg3 Be7 11. f4 Qb6 12. Rb1 O-O 13. Bh4 Be8 14. Kh1 cxd4 15.
exd4 Nd7 16. Qe1 Qd8 17. Nef3 Bxh4 18. Nxh4 Qe7 19. g4 g5 20. Ng2 f6 21. Qg3
Kg7 22. Rbe1 Rh8 23. Rf3 Nd8 24. Rfe3 Bf7 25. Nf3 Nf8 26. f5 Qc7 27. Qxc7 Rxc7
28. R3e2 h5 29. gxh5 Bxh5 30. Rf2 exf5 31. Bxf5 Ng6 32. Nd2 Ne7 33. Bc2 Bg6 34.
Bb3 Rd7 35. Ne3 Ndc6 36. Ng4 Nf5 37. Kg1 Rh4 38. Bd1 Rf7 39. Bf3 Nfe7 40. Ne3
Be4 41. Bxe4 dxe4 42. d5 Ne5 43. d6 Rh8 44. dxe7 Nd3 45. Ref1 Nxf2 46. Rxf2
Rxe7 47. Nf5+ Kf7 48. Nxe4 Re6 49. Nfg3 Kg6 50. Nc5 Re1+ 51. Kg2 Rh7 52. Nb3
Re5 53. Nd4 Rc7 54. Nf3 Ra5 55. a3 Rh7 56. Nd4 Re5 57. Ngf5 Re4 58. Nd6 Reh4
59. Kh1 Rg4 60. Nc4 Re7 61. h3 Rh4 62. Kg2 Rh8 63. Nd6 Rb8 64. N6f5 Rh7 65. Ne3
Re8 66. Ng4 Rf7 67. Nf5 Re6 68. Kg3 Rd7 69. Nd4 Rb6 70. Rxf6+ Rxf6 71. Ne5+ Kh5
72. Nxd7 Rf1 73. Nc5 Rg1+ 74. Kh2 Rb1 75. b3 Rc1 76. Ne4 Kg6 77. Kg3 Rg1+ 78.
Kf2 Rh1 79. Kg2 Rc1 80. Nf3 1-0

[Event "45. Open de Mislata 2011 - Grupo A"]
[Site "Mislata ESP"]
[Date "2011.08.16"]
[Round "3.10"]
[White "Gimeno Martos, Roberto"]
[Black "Llorens Hofman, Ivan"]
[Result "1-0"]
[WhiteElo "2144"]
[BlackElo "2042"]
[PlyCount "74"]
[EventDate "2011.08.15"]
[EventType "swiss"]
[EventRounds "9"]
[EventCountry "ESP"]
[Source "lmi"]
[SourceDate "2011.08.15"]

1. e4 e6 2. d3 d5 3. Nd2 Nf6 4. g3 Nc6 5. Bg2 dxe4 6. dxe4 e5 7. Ngf3 Bc5 8.
O-O O-O 9. c3 a5 10. Qc2 b6 11. Nb3 Ba6 12. Rd1 Qe7 13. Nh4 Rad8 14. Bg5 Rxd1+
15. Rxd1 Rd8 16. Nxc5 bxc5 17. Nf5 Rxd1+ 18. Qxd1 Qd7 19. Qxd7 Nxd7 20. Ne7+
Nxe7 21. Bxe7 a4 22. Bh3 Bb5 23. f3 c4 24. Kf2 Nb8 25. f4 Nc6 26. Bc5 exf4 27.
gxf4 Nb8 28. Ke3 Na6 29. Kd4 h5 30. Bf1 f6 31. Bxc4+ Bxc4 32. Kxc4 Nxc5 33.
Kxc5 g5 34. fxg5 fxg5 35. Kd5 Kf7 36. Ke5 Kg6 37. b4 axb3 1-0

[Event "45. Open de Mislata 2011 - Grupo A"]
[Site "Mislata ESP"]
[Date "2011.08.17"]
[Round "4.1"]
[White "Cruz Lledo, Pablo"]
[Black "Jordan Arenas, Manuel"]
[Result "0-1"]
[WhiteElo "2269"]
[BlackElo "2153"]
[PlyCount "110"]
[EventDate "2011.08.15"]
[EventType "swiss"]
[EventRounds "9"]
[EventCountry "ESP"]
[Source "lmi"]
[SourceDate "2011.08.15"]

1. d4 d5 2. c4 e6 3. Nc3 Nf6 4. cxd5 exd5 5. Bg5 c6 6. Qc2 h6 7. Bh4 Be7 8. e3
O-O 9. Bd3 Re8 10. Bg3 Nbd7 11. Nge2 b5 12. O-O Bb7 13. a3 a6 14. b4 Nb6 15.
Nc1 Nc4 16. Nb3 Bc8 17. Bxc4 dxc4 18. Na5 Qb6 19. Rad1 Bg4 20. f3 Bh5 21. Bf2
Bg6 22. e4 Nd5 23. g3 Rad8 24. Qb2 Nxc3 25. Qxc3 Qc7 26. Rfe1 Bf8 27. Rd2 Rd7
28. Rde2 Rde7 29. g4 Bh7 30. h4 f5 31. gxf5 Bxf5 32. Re3 Bg6 33. Kg2 Rf7 34.
Bg3 Qd7 35. f4 Rd8 36. f5 Bh5 37. Be5 Bd6 38. Kh3 g6 39. Rg3 Kh7 40. Reg1 Bxe5
41. dxe5 gxf5 42. exf5 Qxf5+ 43. Kh2 Rd3 44. Qe1 Qf2+ 45. Qxf2 Rxf2+ 46. Kh3
Bg6 47. Rxd3 cxd3 48. Kg3 Re2 49. Nxc6 d2 50. h5 Be4 51. Kf4 Re1 52. e6 d1=Q
53. Rxe1 Qxe1 54. Ne5 Qh4+ 55. Ke3 Bd5 0-1

[Event "45. Open de Mislata 2011 - Grupo A"]
[Site "Mislata ESP"]
[Date "2011.08.17"]
[Round "4.3"]
[White "Gonzalez Aguirre, Luis"]
[Black "Luna Cortes, Luis"]
[Result "1/2-1/2"]
[WhiteElo "2207"]
[BlackElo "2143"]
[PlyCount "30"]
[EventDate "2011.08.15"]
[EventType "swiss"]
[EventRounds "9"]
[EventCountry "ESP"]
[Source "lmi"]
[SourceDate "2011.08.15"]

1. c4 c5 2. g3 g6 3. Bg2 Bg7 4. Nc3 d6 5. Nf3 e5 6. O-O Nc6 7. Ne1 Nge7 8. Nc2
O-O 9. d3 Be6 10. Ne3 Qd7 11. Ned5 Bh3 12. Bh6 Bxg2 13. Kxg2 Nxd5 14. Nxd5 Ne7
15. Nxe7+ Qxe7 1/2-1/2

[Event "45. Open de Mislata 2011 - Grupo A"]
[Site "Mislata ESP"]
[Date "2011.08.17"]
[Round "4.4"]
[White "Gimeno Martos, Roberto"]
[Black "Garcia Martinez, Silvino"]
[Result "1/2-1/2"]
[WhiteElo "2144"]
[BlackElo "2316"]
[PlyCount "31"]
[EventDate "2011.08.15"]
[EventType "swiss"]
[EventRounds "9"]
[EventCountry "ESP"]
[Source "lmi"]
[SourceDate "2011.08.15"]

1. e4 c5 2. Nc3 Nc6 3. g3 g6 4. Bg2 Bg7 5. d3 d6 6. Be3 Nd4 7. Qd2 Bd7 8. Nd1
Bc6 9. c3 Nf5 10. f4 Nxe3 11. Nxe3 e6 12. Nh3 Ne7 13. O-O Qd7 14. Rae1 O-O-O
15. a3 Kb8 16. b4 1/2-1/2

[Event "45. Open de Mislata 2011 - Grupo A"]
[Site "Mislata ESP"]
[Date "2011.08.17"]
[Round "4.5"]
[White "Bosque Ortega, Xavier"]
[Black "Llerins Bonet, Ricardo"]
[Result "1-0"]
[WhiteElo "2245"]
[BlackElo "2130"]
[PlyCount "67"]
[EventDate "2011.08.15"]
[EventType "swiss"]
[EventRounds "9"]
[EventCountry "ESP"]
[Source "lmi"]
[SourceDate "2011.08.15"]

1. d4 Nf6 2. Nf3 g6 3. Bf4 Bg7 4. h3 O-O 5. e3 d5 6. Be2 c5 7. c3 Nc6 8. Nbd2
b6 9. O-O Bb7 10. Qb3 cxd4 11. cxd4 e6 12. Rfc1 Rc8 13. Qa4 a6 14. Ne5 Nxe5 15.
Bxe5 Nd7 16. Bd6 Re8 17. Bxa6 Ra8 18. Rc7 Nb8 19. Rxb7 Nxa6 20. Qc6 Bf8 21.
Bxf8 Rxf8 22. Qxb6 Qc8 23. Nb3 Qc2 24. Nc5 Nxc5 25. Qxc5 Qe2 26. a4 Rac8 27.
Qb5 Qd2 28. a5 Rc1+ 29. Rxc1 Qxc1+ 30. Kh2 Qe1 31. Rb8 Qxf2 32. Rxf8+ Kxf8 33.
Qb8+ Kg7 34. a6 1-0

[Event "45. Open de Mislata 2011 - Grupo A"]
[Site "Mislata ESP"]
[Date "2011.08.17"]
[Round "4.6"]
[White "Montalban, Galvez Antoni"]
[Black "Laliena, Solanes Luis"]
[Result "1-0"]
[WhiteElo "2158"]
[BlackElo "2197"]
[PlyCount "87"]
[EventDate "2011.08.15"]
[EventType "swiss"]
[EventRounds "9"]
[EventCountry "ESP"]
[Source "lmi"]
[SourceDate "2011.08.15"]

1. Nf3 c5 2. c4 g6 3. g3 Bg7 4. Bg2 Nc6 5. Nc3 e5 6. O-O Nge7 7. Rb1 O-O 8. d3
d6 9. a3 a5 10. Nd5 Nxd5 11. cxd5 Ne7 12. Nd2 b5 13. e4 a4 14. f4 Ra7 15. Nf3
Bg4 16. Be3 f6 17. Qd2 Qa5 18. Qc2 Rb7 19. Nd2 Bh6 20. Rf2 Qa6 21. Nf1 Bd7 22.
fxe5 Bxe3 23. Nxe3 dxe5 24. Qxc5 Kf7 25. d6 Rc8 26. Qxe5 Ng8 27. Nd5 Bf5 28.
Qd4 Qxd6 29. exf5 Rbc7 30. fxg6+ hxg6 31. Rbf1 Rc1 32. Qa7+ Kf8 33. Nf4 Ne7 34.
Qe3 Rxf1+ 35. Rxf1 Kg7 36. Ne6+ Kf7 37. Ng5+ Kg7 38. Ne4 Qe5 39. d4 Qc7 40.
Nxf6 Nf5 41. Qe5 Qf7 42. Nd5+ Kh7 43. g4 Re8 44. Qxe8 1-0

[Event "45. Open de Mislata 2011 - Grupo A"]
[Site "Mislata ESP"]
[Date "2011.08.17"]
[Round "4.7"]
[White "Fernandez, Alonso Miquel A"]
[Black "Pena, Riasco Alexander"]
[Result "1-0"]
[WhiteElo "2137"]
[BlackElo "2193"]
[PlyCount "137"]
[EventDate "2011.08.15"]
[EventType "swiss"]
[EventRounds "9"]
[EventCountry "ESP"]
[Source "lmi"]
[SourceDate "2011.08.15"]

1. d4 d5 2. Nf3 Nf6 3. g3 Bf5 4. Bg2 c6 5. O-O e6 6. b3 h6 7. c4 Bd6 8. Bb2 O-O
9. Nbd2 Nbd7 10. Ne5 Bxe5 11. dxe5 Ng4 12. e4 dxe4 13. Nxe4 Bxe4 14. Qxg4 Bxg2
15. Kxg2 Qa5 16. f4 Nc5 17. Qf3 Rad8 18. Bc3 Qa3 19. Rfd1 Rxd1 20. Qxd1 Ne4 21.
Be1 b5 22. Qe2 bxc4 23. Rb1 Nc5 24. bxc4 Nd3 25. Bd2 Rd8 26. Rb3 Nc1 27. Rxa3
Nxe2 28. Be3 Nd4 29. Rd3 c5 30. Bxd4 cxd4 31. Kf3 f5 32. exf6 gxf6 33. Ke4 Rb8
34. Rd2 Kf7 35. Kxd4 Ke7 36. Kc5 e5 37. fxe5 fxe5 38. Kc6 Rc8+ 39. Kb5 a6+ 40.
Kb4 Ke6 41. c5 e4 42. Kc4 Kf5 43. Rd6 e3 44. Kd3 Rxc5 45. Rxa6 e2 46. Kxe2 Rc2+
47. Kf3 Rxh2 48. a4 Ra2 49. Ra5+ Kg6 50. Ra8 h5 51. a5 Kf5 52. a6 Ra3+ 53. Kg2
Kg4 54. a7 Ra2+ 55. Kf1 Ra1+ 56. Ke2 Ra2+ 57. Ke3 Ra3+ 58. Ke4 Ra4+ 59. Kd3
Ra3+ 60. Kc4 Ra4+ 61. Kb3 Rxa7 62. Rxa7 Kxg3 63. Rg7+ Kf3 64. Rh7 Kg4 65. Kc3
h4 66. Kd3 h3 67. Ke2 Kg3 68. Kf1 h2 69. Rh8 1-0

[Event "45. Open de Mislata 2011 - Grupo A"]
[Site "Mislata ESP"]
[Date "2011.08.17"]
[Round "4.9"]
[White "Ventura Monfort, Santiago"]
[Black "Sanchez Saez, Francisco"]
[Result "0-1"]
[WhiteElo "2003"]
[BlackElo "2227"]
[PlyCount "60"]
[EventDate "2011.08.15"]
[EventType "swiss"]
[EventRounds "9"]
[EventCountry "ESP"]
[Source "lmi"]
[SourceDate "2011.08.15"]

1. e4 c5 2. Nf3 d6 3. d4 cxd4 4. Nxd4 Nf6 5. Nc3 g6 6. Be3 Bg7 7. f3 O-O 8. Qd2
Nc6 9. Bc4 Bd7 10. O-O-O Rc8 11. Bb3 Nxd4 12. Bxd4 b5 13. Nd5 Nxd5 14. Bxd5
Bxd4 15. Qxd4 a5 16. e5 Bf5 17. Be4 Rc4 18. Qd3 Bxe4 19. fxe4 Qc7 20. exd6 exd6
21. Rd2 Rc8 22. Rf1 a4 23. Rf3 b4 24. Kd1 Re8 25. Qxd6 Rcxe4 26. Rf1 Qc4 27.
Qd3 Qxa2 28. Rdf2 Qxb2 29. Rxf7 Re1+ 30. Rxe1 Qb1+ 0-1

[Event "45. Open de Mislata 2011 - Grupo A"]
[Site "Mislata ESP"]
[Date "2011.08.18"]
[Round "5.1"]
[White "Jordan Arenas, Manuel"]
[Black "Bosque Ortega, Xavier"]
[Result "1/2-1/2"]
[WhiteElo "2153"]
[BlackElo "2245"]
[PlyCount "105"]
[EventDate "2011.08.15"]
[EventType "swiss"]
[EventRounds "9"]
[EventCountry "ESP"]
[Source "lmi"]
[SourceDate "2011.08.15"]

1. d4 d5 2. c4 c6 3. Nf3 Nf6 4. e3 Bf5 5. Nc3 e6 6. Nh4 Bg6 7. Nxg6 hxg6 8. Qb3
Qb6 9. Bd2 Nbd7 10. g3 Be7 11. Bg2 O-O 12. cxd5 Qxb3 13. axb3 exd5 14. h4 Rfe8
15. f3 Bb4 16. Kf2 Nf8 17. g4 Ne6 18. g5 Nh5 19. Rhd1 a6 20. Na4 Bd6 21. f4
Nhxf4 22. exf4 Nxd4 23. Re1 Nxb3 24. Rxe8+ Rxe8 25. Re1 Rxe1 26. Bxe1 Bxf4 27.
Bb4 Bc1 28. Bh3 a5 29. Be7 b5 30. Nc5 Nxc5 31. Bxc5 Bxb2 32. Bd7 b4 33. Bxc6 d4
34. Ke2 Bc3 35. Kd3 b3 36. Bd5 b2 37. Ba2 Be1 38. Bxd4 Bxh4 39. Be3 Kh7 40. Kc2
f6 41. Kxb2 Bxg5 42. Bxg5 fxg5 43. Be6 g4 44. Bxg4 Kh6 45. Bd7 Kg5 46. Kc2 Kf4
47. Kd2 Kg3 48. Ke2 g5 49. Kf1 Kh2 50. Kf2 g4 51. Bxg4 a4 52. Kf3 a3 53. Be6
1/2-1/2

[Event "45. Open de Mislata 2011 - Grupo A"]
[Site "Mislata ESP"]
[Date "2011.08.18"]
[Round "5.2"]
[White "Luna Cortes, Luis"]
[Black "Cruz Lledo, Pablo"]
[Result "1-0"]
[WhiteElo "2143"]
[BlackElo "2269"]
[PlyCount "87"]
[EventDate "2011.08.15"]
[EventType "swiss"]
[EventRounds "9"]
[EventCountry "ESP"]
[Source "lmi"]
[SourceDate "2011.08.15"]

1. d4 d5 2. Nf3 e6 3. g3 c5 4. c3 Nf6 5. Bg2 Nbd7 6. O-O Be7 7. Re1 b6 8. Nbd2
Bb7 9. Nf1 O-O 10. Bg5 h6 11. Bf4 Ne4 12. N3d2 f5 13. Nxe4 fxe4 14. f3 g5 15.
Bc1 cxd4 16. cxd4 e5 17. Be3 Bb4 18. Bd2 Bxd2 19. Qxd2 Qf6 20. Rad1 exd4 21.
Qxd4 Ne5 22. Ne3 exf3 23. exf3 Nxf3+ 24. Bxf3 Qxf3 25. Ng4 Rae8 26. Rxe8 Rxe8
27. Nf6+ Kf7 28. Nxe8 Kxe8 29. Re1+ Kd7 30. Qg7+ Kc6 31. Qxh6+ Kd7 32. Qg7+ Kc6
33. Qg6+ Kd7 34. Qxg5 d4 35. Re7+ Kc6 36. Qc1+ Kb5 37. Qf1+ d3 38. Qxf3 Bxf3
39. Rd7 Kc4 40. Kf2 Bg4 41. Rd8 a5 42. Ke3 Be2 43. g4 a4 44. Rd4+ 1-0

[Event "45. Open de Mislata 2011 - Grupo A"]
[Site "Mislata ESP"]
[Date "2011.08.18"]
[Round "5.3"]
[White "Mingo Fernandez, Matias"]
[Black "Montalban, Galvez Antoni"]
[Result "1/2-1/2"]
[WhiteElo "2189"]
[BlackElo "2158"]
[PlyCount "22"]
[EventDate "2011.08.15"]
[EventType "swiss"]
[EventRounds "9"]
[EventCountry "ESP"]
[Source "lmi"]
[SourceDate "2011.08.15"]

1. d4 Nf6 2. Nf3 g6 3. Bf4 Bg7 4. e3 O-O 5. h3 d6 6. Be2 Nbd7 7. Bh2 c5 8. c3
b6 9. O-O Bb7 10. Nbd2 Ne4 11. Nxe4 Bxe4 1/2-1/2

[Event "45. Open de Mislata 2011 - Grupo A"]
[Site "Mislata ESP"]
[Date "2011.08.18"]
[Round "5.5"]
[White "Garcia Martinez, Silvino"]
[Black "Sanchiz Marti, Josep Miquel"]
[Result "1-0"]
[WhiteElo "2316"]
[BlackElo "1964"]
[PlyCount "83"]
[EventDate "2011.08.15"]
[EventType "swiss"]
[EventRounds "9"]
[EventCountry "ESP"]
[Source "lmi"]
[SourceDate "2011.08.15"]

1. e4 c5 2. Nf3 Nc6 3. d4 cxd4 4. Nxd4 Nf6 5. Nc3 e5 6. Ndb5 d6 7. Bg5 a6 8.
Na3 b5 9. Nd5 Be7 10. Bxf6 Bxf6 11. c3 Bg5 12. Nc2 O-O 13. a4 bxa4 14. Rxa4 a5
15. Bc4 Rb8 16. Ra2 g6 17. O-O Kh8 18. Kh1 Bh6 19. b4 axb4 20. cxb4 f5 21. exf5
gxf5 22. Qh5 Qg5 23. Qxg5 Bxg5 24. b5 Nd8 25. Ncb4 Bd7 26. Nc7 Rb7 27. Nba6 Nf7
28. Rb1 e4 29. b6 Ne5 30. Bd5 Bc6 31. Bxc6 Nxc6 32. Ne6 Rg8 33. Rc2 Na5 34.
Nxg5 Rxg5 35. Rb5 Rg8 36. Nc7 Rc8 37. g3 Rcb8 38. Rxa5 Rxb6 39. Rxf5 R6b7 40.
Ne6 Re8 41. Rc7 Rxc7 42. Nxc7 1-0

[Event "45. Open de Mislata 2011 - Grupo A"]
[Site "Mislata ESP"]
[Date "2011.08.18"]
[Round "5.6"]
[White "Carrasco Sagredo, Manuel"]
[Black "Laliena, Solanes Luis"]
[Result "1-0"]
[WhiteElo "2170"]
[BlackElo "2197"]
[PlyCount "63"]
[EventDate "2011.08.15"]
[EventType "swiss"]
[EventRounds "9"]
[EventCountry "ESP"]
[Source "lmi"]
[SourceDate "2011.08.15"]

1. e4 c5 2. Nc3 a6 3. Nf3 b5 4. d4 e6 5. dxc5 Bxc5 6. Bd3 Bb7 7. O-O Ne7 8. Ng5
Qc7 9. Qh5 Ng6 10. Be3 Be7 11. Rae1 Nc6 12. f4 Bxg5 13. Qxg5 f6 14. Qh5 O-O-O
15. a4 b4 16. Na2 d5 17. exd5 Rxd5 18. Qh3 f5 19. Bc4 Qd6 20. c3 a5 21. cxb4
axb4 22. Bxd5 Qxd5 23. Nc1 Na5 24. Rd1 Qc6 25. Nd3 Kb8 26. Nxb4 Qxa4 27. Bc5
Nxf4 28. Qg3 e5 29. Qxg7 Re8 30. Na6+ Bxa6 31. Qa7+ Kc8 32. Qxa6+ 1-0

[Event "45. Open de Mislata 2011 - Grupo A"]
[Site "Mislata ESP"]
[Date "2011.08.18"]
[Round "5.7"]
[White "Pena, Riasco Alexander"]
[Black "Martin Hernandez, Ruben"]
[Result "1/2-1/2"]
[WhiteElo "2193"]
[BlackElo "2128"]
[PlyCount "132"]
[EventDate "2011.08.15"]
[EventType "swiss"]
[EventRounds "9"]
[EventCountry "ESP"]
[Source "lmi"]
[SourceDate "2011.08.15"]

1. e4 c5 2. Nf3 e6 3. d4 cxd4 4. Nxd4 a6 5. g3 Nf6 6. Bg2 d5 7. exd5 Nxd5 8.
O-O Be7 9. c3 O-O 10. Nd2 Qc7 11. Ne4 Nd7 12. Qe2 N7f6 13. Re1 Nxe4 14. Qxe4
Bf6 15. h4 h6 16. Bd2 Bd7 17. Rad1 Rac8 18. Bc1 b5 19. a3 a5 20. Qg4 Bxd4 21.
Qxd4 Bc6 22. Bf4 Nxf4 23. Qxf4 Qxf4 24. gxf4 Bxg2 25. Kxg2 b4 26. cxb4 axb4 27.
a4 b3 28. Re3 Rc4 29. Rxb3 Rxa4 30. Kg3 Ra7 31. Rb6 Rc8 32. Rd3 Kh7 33. Rdb3 h5
34. R3b5 g6 35. Rb7 Rc7 36. Rxa7 Rxa7 37. Kf3 Kg7 38. b4 Ra3+ 39. Kg2 Kf6 40.
Rb7 Rb3 41. f3 e5 42. fxe5+ Kxe5 43. Kg3 f6 44. b5 Kf5 45. b6 Rb2 46. Rb8 Rb3
47. b7 Rb2 48. Kh3 Rb3 49. Kg2 Rb2+ 50. Kf1 Rb1+ 51. Ke2 Rb2+ 52. Kd3 Rb3+ 53.
Kc4 Rb1 54. Kd5 Rd1+ 55. Kc6 Rc1+ 56. Kd7 Rd1+ 57. Ke7 Re1+ 58. Kf7 Rb1 59. Kg7
g5 60. hxg5 Kxg5 61. Kh7 Kf5 62. Kh6 h4 63. Ra8 Rxb7 64. Ra4 Rb3 65. Rxh4 Rxf3
66. Rh1 Kf4 1/2-1/2

[Event "45. Open de Mislata 2011 - Grupo A"]
[Site "Mislata ESP"]
[Date "2011.08.18"]
[Round "5.8"]
[White "Llerins Bonet, Ricardo"]
[Black "Corona Gentil, Jose Luis"]
[Result "0-1"]
[WhiteElo "2130"]
[BlackElo "2112"]
[PlyCount "80"]
[EventDate "2011.08.15"]
[EventType "swiss"]
[EventRounds "9"]
[EventCountry "ESP"]
[Source "lmi"]
[SourceDate "2011.08.15"]

1. e4 d5 2. exd5 Qxd5 3. Nc3 Qa5 4. Bc4 Nf6 5. d3 c6 6. Bf4 Bg4 7. Nf3 Qf5 8.
Be3 Bxf3 9. Qxf3 Qxf3 10. gxf3 e6 11. Ne4 Nbd7 12. Ke2 Nd5 13. Rhg1 Nxe3 14.
fxe3 Nf6 15. Nxf6+ gxf6 16. h3 f5 17. Rg2 Be7 18. Rag1 Bf6 19. c3 Ke7 20. f4 b5
21. Bb3 b4 22. e4 fxe4 23. dxe4 Rhb8 24. e5 Bh8 25. Rg4 bxc3 26. bxc3 f6 27.
Rh4 fxe5 28. Rxh7+ Kd6 29. Rg6 exf4 30. Rxe6+ Kc5 31. Rh5+ Kb6 32. c4 Re8 33.
Rhh6 Bg7 34. Rhg6 Rxe6+ 35. Rxe6 Rh8 36. Rg6 Be5 37. Ba4 Rxh3 38. Rxc6+ Kb7 39.
Re6 Re3+ 40. Kd2 Bc3+ 0-1